Guess The Country (My Edition Part 7) - Statistics

General Stats
  • This quiz has been taken 9 times
  • The average score is 11 of 15
Answer Stats
Picture Answer % Correct
Lebanon
100%
Jamaica
89%
Antigua and Barbuda
78%
Barbados
78%
Cuba
78%
Syria
78%
Trinidad and Tobago
78%
Bahamas
67%
Dominica
67%
Grenada
67%
Haiti
67%
Kuwait
67%
Saint Kitts and Nevis
67%
Saint Lucia
67%
Saint Vincent and the Grenadines
67%
No matching quizzes found
Score Distribution
Percent of People with Each Score
Percentile by Number Answered
Your Score History
You have not taken this quiz